| 000 | 00737 a2200265 4500 | ||
|---|---|---|---|
| 001 | 200001964 | ||
| 999 |
_c200001964 _d23784 |
||
| 003 | TR-AnTOB | ||
| 005 | 20240902162330.0 | ||
| 008 | 160507d gw qn0 0 1 | ||
| 022 | 0 | _a0020-7276 (Print) | |
| 022 | 0 | _a1432-1270 (Online) | |
| 041 | 0 | _aeng | |
| 050 | 1 | 4 |
_aQA269 _b.I55 |
| 099 | _aJOURNAL - INTE GA | ||
| 222 | 0 | _aInternational journal of game theory | |
| 245 | 0 | 0 | _aInternational journal of game theory |
| 260 |
_a[Vienna]: _bPhysica-Verlag., _c[1971- |
||
| 300 |
_av. : _c24 cm. |
||
| 310 | _aQuarterly | ||
| 500 | _aKütüphanedeki mevcutlar : vol.36-42(1-4),2007-2013. | ||
| 650 | 0 | 0 |
_aOyun teorisi _vSüreli yayınlar _970556 |
| 650 | 0 | 0 |
_aGame theory _vPeriodicals _970555 |
| 942 | _cCR | ||